Sports Quiz

Random Sports or Basketball Quiz

2012-13 NBA Scoring Leaders (A-Z) Quiz Stats

 Plays Quiz not verified by Sporcle

Score 0/25 Timer 06:00
1 Play Today
Letter Player % Correct
JLebron James
97.6%
DKevin Durant
90.9%
BKobe Bryant
89.4%
ACarmelo Anthony
83.3%
WRussell Westbrook
71.8%
HJames Harden
68.3%
CStephen Curry
65.9%
PPaul Pierce
56.3%
NDirk Nowitzki
51.8%
GBlake Griffin
51.1%
SJ.R. Smith
46.3%
EMonta Ellis
44.9%
IKyrie Irving
42.9%
Letter Player % Correct
TKlay Thompson
39.3%
LDamian Lillard
38.4%
RZach Randolph
36.9%
YThaddeus Young
31.8%
QChris Quinn
25.8%
MGreg Monroe
19.6%
ZTyler Zeller
18.9%
UBeno Udrih
12.1%
FRaymond Felton
11.8%
KBrandon Knight
11.7%
OEmeka Okafor
10.6%
VGreivis Vasquez
10.5%

You're not logged in!

Compare scores with friends on all Sporcle quizzes.
OR
Log In

Show Comments

Extras

Top Quizzes Today


Score Distribution

Your Account Isn't Verified!

In order to create a playlist on Sporcle, you need to verify the email address you used during registration. Go to your Sporcle Settings to finish the process.

Report this User

Report this user for behavior that violates our Community Guidelines.

Details: